000 00419nam a2200145Ia 4500
008 151015s9999 xx 000 0 und d
020 _a205306233
050 _aLB2847 .H84 2000
245 _aHughes Larry W.
250 _a_Public relations for schol leaders Larry W.Hughes
300 _aBoston Allyn &Bacon 2000
500 _aIncludes index.
650 _a_Public relations
700 _a^d20130517 12:12:38^oanne
999 _c4500
_d4500